105 F REMIX - Kevvo, Chencho Corleone, Farruko, Myke Towers... - Estadísticas

Estadísticas generales
  • Esta prueba ha sido intentada 37 veces
  • La puntuación promedio es 762 de 1495
Estadísticas de respuestas
Letra % Correcto
a
100%
A
100%
l
100%
me
100%
Me
100%
o
100%
P
100%
que
100%
Que
100%
qué
100%
R
100%
s
100%
si
100%
ta
100%
100%
te
100%
Te
100%
100%
100%
tu
100%
Y
100%
y
100%
yo
100%
Yo
100%
105
91%
Con
91%
con
91%
De
91%
de
91%
91%
Desde
91%
en
91%
En
91%
hace
91%
le
91%
Le
91%
ma
91%
91%
po
91%
se
91%
91%
Se
91%
ti
91%
tiene
91%
al
82%
entré
82%
fahrenheit
82%
Fahrenheit
82%
lo
82%
Lo
82%
mujere
82%
Ra
82%
sin
82%
Sin
82%
algo
73%
eh
73%
es
73%
i
73%
la
73%
La
73%
las
73%
Las
73%
los
73%
Los
73%
No
73%
no
73%
Oeh
73%
oeh
73%
oh
73%
pa
73%
ponga
73%
seteé
73%
siempre
73%
Siempre
73%
Baby
64%
baby
64%
contigo
64%
coqueteando
64%
deseé
64%
el
64%
El
64%
eso
64%
Eso
64%
ey
64%
Ey
64%
hay
64%
kevvo
64%
KEVVO
64%
Mai
64%
mi
64%
Mi
64%
64%
ni
64%
Pero
64%
pero
64%
quién
64%
rápido
64%
su
64%
tanta
64%
to
64%
un
64%
Un
64%
ve
64%
Ve
64%
abajo
55%
Dice
55%
dice
55%
dinero
55%
Dubai
55%
ese
55%
está
55%
my
55%
na
55%
película
55%
tra
55%
Vamo
55%
wow
55%
Wow
55%
yeah
55%
baje
45%
corta
45%
cuando
45%
Cuando
45%
dale
45%
das
45%
debajo
45%
del
45%
Del
45%
disco
45%
ere
45%
estoy
45%
fue
45%
gusta
45%
gym
45%
hasta
45%
he
45%
Hi
45%
les
45%
más
45%
movie
45%
nalgaje
45%
pone
45%
por
45%
Por
45%
quiero
45%
santo
45%
sigue
45%
Soy
45%
soy
45%
suave
45%
tatuaje
45%
traje
45%
trajo
45%
ver
45%
verte
45%
ya
45%
Ya
45%
ah
36%
bebé
36%
booty
36%
cabina
36%
calle
36%
Chencho
36%
Como
36%
como
36%
condado
36%
cuello
36%
daddy
36%
darte
36%
Diabla
36%
dize
36%
estás
36%
grado
36%
hizo
36%
In
36%
in
36%
Juan
36%
mami
36%
mano
36%
melodía
36%
merece
36%
nota
36%
palo
36%
para
36%
pega
36%
Pide
36%
play
36%
rece
36%
Rompe
36%
rompe
36%
sagrado
36%
salgado
36%
Siguen
36%
Solo
36%
solo
36%
son
36%
subiendo
36%
the
36%
The
36%
tony
36%
tyson
36%
vece
36%
yeh
36%
You
36%
4
27%
90
27%
Aprovecha
27%
armado
27%
arroz
27%
austin
27%
Austin
27%
bellaquear
27%
bese
27%
candela
27%
Capsuliando
27%
cardi
27%
check
27%
claus
27%
coge
27%
coger
27%
come
27%
completo
27%
condone
27%
conejo
27%
confiesa
27%
Corleone
27%
corto
27%
dentro
27%
dicen
27%
discotek
27%
doy
27%
Easy
27%
Ella
27%
endiabla
27%
eres
27%
estamo
27%
están
27%
ex
27%
farru
27%
fly
27%
fresa
27%
fumar
27%
God
27%
gorrito
27%
habla
27%
hablando
27%
hacer
27%
hecha
27%
humo
27%
jacki
27%
jackie
27%
javi
27%
kingz
27%
Kingz
27%
mago
27%
mame
27%
mecha
27%
mese
27%
mike
27%
money
27%
Moviendo
27%
mujeres
27%
musicales
27%
Nike
27%
novela
27%
nueva
27%
olvide
27%
onde
27%
Pásamelo
27%
peso
27%
picha
27%
pollo
27%
ponerte
27%
Porque
27%
precoz
27%
Prende
27%
pu
27%
puta
27%
quiere
27%
Quiere
27%
quintana
27%
Quintana
27%
regalo
27%
retro
27%
rolling
27%
sabe
27%
salimos
27%
santa
27%
sweety
27%
tabla
27%
taki
27%
tengo
27%
Tengo
27%
teriyaki
27%
ticket
27%
tos
27%
trago
27%
una
27%
Una
27%
Vegas
27%
ven
27%
vi
27%
voy
27%
young
27%
Young
27%
2
18%
agua
18%
ahí
18%
aire
18%
arrebata
18%
arrodille
18%
así
18%
atrá
18%
atrevo
18%
avalancha
18%
balón
18%
bicho
18%
borre
18%
botando
18%
bote
18%
buitres
18%
cabe
18%
capsuleando
18%
capsulón
18%
chiquita
18%
compe
18%
cover
18%
cualquier
18%
cuervo
18%
Darell
18%
desprecia
18%
dices
18%
down
18%
driver
18%
encuevo
18%
Engrasa
18%
era
18%
Estamos
18%
gistro
18%
gustan
18%
Hielo
18%
high
18%
íto
18%
lesbi
18%
ley
18%
lolly
18%
Lolly
18%
mahón
18%
monster
18%
naturaleza
18%
Netflix
18%
origi
18%
over
18%
pana
18%
pepé
18%
Pepé
18%
Pop
18%
pop
18%
prr
18%
prrr
18%
pum
18%
ready
18%
rebota
18%
reza
18%
rodilla
18%
sabor
18%
Señalen
18%
sit
18%
size
18%
strike
18%
subo
18%
sudo
18%
table
18%
temporada
18%
teppanyaki
18%
tiger
18%
tubo
18%
vaya
18%
veces
18%
visera
18%
Voa
18%
voa
18%
woh
18%
yah
18%
Yah
18%
15
9%
acerque
9%
ajá
9%
allá
9%
ángel
9%
arranquen
9%
Brytiago
9%
bumper
9%
busco
9%
cabeza
9%
cabrón
9%
Caile
9%
cama
9%
champs
9%
chocar
9%
churrasco
9%
cobro
9%
compre
9%
corn
9%
cosa
9%
cría
9%
curva
9%
damo
9%
darle
9%
derecho
9%
Dile
9%
dímelo
9%
dos
9%
Energética
9%
estos
9%
falla
9%
five
9%
flakes
9%
foto
9%
grasa
9%
hale
9%
Hoy
9%
huelebicho
9%
Indica
9%
ir
9%
jet
9%
jevo
9%
kilo
9%
lancha
9%
levi
9%
llego
9%
logo
9%
lollypop
9%
lubrica
9%
mancha
9%
mata
9%
millaje
9%
nada
9%
Nalgona
9%
necia
9%
nunca
9%
ojo
9%
paca
9%
palomin
9%
palomino
9%
patear
9%
pegan
9%
Pepsi
9%
phantom
9%
posicione
9%
Pri
9%
pri
9%
pueden
9%
querella
9%
quita
9%
remix
9%
revancha
9%
saben
9%
salpica
9%
sepa
9%
ski
9%
solicita
9%
suelta
9%
teando
9%
Tenemo
9%
tengan
9%
todas
9%
trae
9%
tranquila
9%
twenty
9%
venetian
9%
vídeo
9%
wao
9%
abre
0%
acá
0%
adentro
0%
álbum
0%
Algarete
0%
aoh
0%
aquí
0%
arriba
0%
asalto
0%
auh
0%
Auh
0%
Aunque
0%
azoto
0%
babe
0%
babys
0%
bajo
0%
Bellaca
0%
biki
0%
bloquea
0%
blunt
0%
brinca
0%
busqué
0%
cacha
0%
caleta
0%
CameBeats
0%
cita
0%
Coach
0%
colore
0%
comete
0%
contacto
0%
corriendo
0%
cuarto
0%
cuero
0%
cuna
0%
date
0%
Después
0%
después
0%
diablo
0%
diamante
0%
dieta
0%
Dobla
0%
duda
0%
Duran
0%
encima
0%
Encima
0%
espanto
0%
flore
0%
fortuna
0%
fresquita
0%
frisa
0%
frontearle
0%
frosted
0%
fuera
0%
fumándome
0%
gasto
0%
gato
0%
gratuita
0%
grillete
0%
grita
0%
guardar
0%
haya
0%
hazme
0%
hijo
0%
hit
0%
homenaje
0%
hotel
0%
iceberg
0%
iturregui
0%
jaja
0%
Jaja
0%
jajajaja
0%
jajajajaja
0%
Jajajajaja
0%
jinete
0%
joderte
0%
jumping
0%
Jumping
0%
juro
0%
laguna
0%
Lleve
0%
Louis
0%
Luce
0%
Luna
0%
marca
0%
melaza
0%
miedo
0%
mojan
0%
monto
0%
mucho
0%
mueve
0%
ninguna
0%
nope
0%
obliga
0%
palpita
0%
panty
0%
parece
0%
parecen
0%
pasto
0%
pata
0%
Permita
0%
pierna
0%
piñata
0%
pompi
0%
ponte
0%
privado
0%
putas
0%
quieren
0%
real
0%
romperte
0%
run
0%
sabore
0%
sea
0%
serenata
0%
sola
0%
Somo
0%
sou
0%
surdo
0%
tango
0%
tensión
0%
tingo
0%
trabaje
0%
traigo
0%
Uff
0%
uoh
0%
usa
0%
vacuna
0%
van
0%
venir
0%
vera
0%
Visión
0%
Vuitton
0%
yao
0%
yape
0%
No se encontraron pruebas coincidentes
Distribución de puntuación
Porcentaje de gente con cada puntuación
Porcentaje por número respondido
Historial de tus puntuaciones
No has intentado esta prueba.